| 000 | 004150000a22001690004500 | ||
|---|---|---|---|
| 003 | MACL | ||
| 005 | 20160105164329.0 | ||
| 008 | 160105b xxu||||| |||| 00| 0 eng d | ||
| 040 |
_aMACL _cMACL |
||
| 041 | _aEnglish | ||
| 082 | _a823/HIG | ||
| 100 |
_aHigham, David _928275 |
||
| 245 | _aA Simple Story | ||
| 260 |
_bEyre & Spotteswoode Ltd _c1966 _aLondon |
||
| 650 |
_aStories _928276 |
||
| 942 |
_cBK _k823/HIG _2ddc |
||
| 999 |
_c39314 _d39314 |
||